=LDR 00000nam 2200000 4500 =001 INLIS000000000038687 =005 20130612144341 =008 ***********************************Ind** =035 ##$$0010-061300000038687 =041 ##$$a Ind =082 ##$$a 641.865 4 =090 ##$$a 641.865 4, Ism p =100 ##$$a Ismayani, Yeni =245 ##$$a Pie lezat ala cake =260 ##$$a 2010 $b Jakarta =300 ##$$a 40 hlm, Ilus, 21 cm =650 ##$$a Kue(Pie) =700 ##$$a Hardiman, Intarina =850 ##$$a NBPNMAT =990 ##$$a 0001/BPAP-NTB/20142015